00478 2200193 4500001002100000005001500021008004100036020002200077035001900099041000700118082001000125090001600135100002500151245003200176250000900208260003300217300001900250650001500269INLIS00000000001354220241224114557241224||||||||| | ||| |||| || |  a978-979-756-819-1 0010-1224013542 aid0 a001.4 a001.4 WIR s0 aV. Wiratna Sujarweni00aStatistika Untuk Penelitian aed.1 aJogjakartabGraha Ilmuc2012 a220hlmn,; 23cm 0aStatistika